000 00736nam a2200253Ia 4500
001 dia_2891
003 CHAP
005 20230331095059.0
008 220117s1968 xx 000 0 und d
010 _a173391
040 _cCHAP
082 _a664.828 H35Y
100 _aHall, Carl W.
_952299
245 _aEquipo para Procesamiento de Productos Agrícolas /
_c por Carl W. Hall
260 _aLima :
_b Iica,
_c1968
300 _a220 p.
410 _aTEXTOS Y MATERIALES DE ENSEÑANZA, 19
500 _aD.
610 _aProcesamiento industrial 2. Alimentos-procesados i. t.
_9153692
901 _a664.828 H35Y
902 _aM
905 _a0000001968 LIMA 0000000000ESP00
942 _cLIBRO
_2ddc
999 _c173391
_d173391